000 00639cam a22002293a 4500
001 5139
003 PGUSA
005 20140828083114.0
008 040201s2004||||xxu|||||s|||||000 | eng d
040 _aPGUSA
_beng
042 _adc
050 4 _aPT
100 1 _aEwald, Carl,
_d1856-1908
245 1 0 _aTales
_h[electronic resource] /
_cCarl Ewald
260 _bProject Gutenberg,
_c2004
506 _aCopyrighted. Read the copyright notice inside this book for details.
516 _aElectronic text
700 1 _aWiskott, Dawid
830 0 _aProject Gutenberg
_v5139
856 4 0 _uhttp://www.gutenberg.org/ebooks/5139
942 _cEB
999 _c234468
_d234468